Κομμουνισμός και φιλοσοφία : η θεωρητική περιπέτεια του Λουί Αλτουσέρ
Saved in:
| Main Author: | |
|---|---|
| Format: | Book |
| Language: | Greek |
| Published: |
Αθήνα :
Ελληνικά Γράμματα,
2004
|
| Series: | Βιβλιοθήκη οικονομικής και πολιτικής θεωρίας ;
; 10 |
| Subjects: | |
| Tags: |
Add Tag
No Tags, Be the first to tag this record!
|
MARC
| LEADER | 00000cam a2200000 i 4500 | ||
|---|---|---|---|
| 001 | 1/87711 | ||
| 008 | 080604s2004 gre d | ||
| 020 | |a 960-406-321-9 | ||
| 035 | |l 10097939 | ||
| 040 | |a GR-MY-UA |b gre |e aacr | ||
| 041 | 0 | |a gre | |
| 082 | 0 | |a 335.4 |2 (22) | |
| 100 | 1 | |a Σωτήρης, Παναγιώτης Γ. | |
| 245 | 1 | 0 | |a Κομμουνισμός και φιλοσοφία : |b η θεωρητική περιπέτεια του Λουί Αλτουσέρ / |c Παναγιώτης Σωτήρης |
| 260 | |a Αθήνα : |b Ελληνικά Γράμματα, |c 2004 | ||
| 300 | |a 565 σ.; |c 24 εκ. | ||
| 490 | 1 | |a Βιβλιοθήκη Οικονομικής και Πολιτικής Θεωρίας |v ; 10 | |
| 504 | |a Περιέχει βιβλιογραφία | ||
| 600 | 1 | 0 | |a Althusser, Louis, |d 1918-1990. |
| 650 | 0 | 0 | |a Communism and philosophy. |
| 650 | 0 | 0 | |a Philosophy, Marxist. |
| 830 | 0 | |a Βιβλιοθήκη οικονομικής και πολιτικής θεωρίας ; |v ; 10 | |
| 852 | |a INST |b LESVOS |e 20100531 |h 335.4 ΣΩΤ |p 005100047165 |q 005100047165 |t BK |y 0 | ||
| 852 | |a INST |b SAMOS |e 20080604 |h 335.4 ΣΩΤ |p 005300030251 |q 005300030251 |t BK |y 0 | ||
| 901 | |a BIBL3-2008-2 | ||
| 909 | |a Σ |b 141532 | ||
| 909 | |a Λ |b 164408 | ||
| 922 | |a 3ΕΛΗ |b 200711 |c ΕΠΕΑΕΚ2/ΤΜΗΜΑ ΜΑΘΗΜΑΤΙΚΩΝ |d ΠΑΤΑΚΗΣ | ||
| 970 | |a ΡΟΥΣΣΟΥ |b ΚΩΝΣΤΑΝΤΙΝΑ |z 2008/06/04 | ||